=LDR 00000nam 2200000 4500 =001 INLIS000000000015103 =005 20130612110403 =008 ***********************************Ind** =035 ##$$0010-061300000015103 =041 ##$$a Ind =082 ##$$a 372.6 =090 ##$$a 372.6, QOM-b =100 ##$$a Qomarudin =245 ##$$a Bahasa Indonesia 2a, Pendidikan Dasar 9 Tahun untuk Kelas 2 Sekolah Dasar Caturwulan 1, Drs.Qomarudin Rujianto =260 ##$$a 1995-1996 $b Surakarta =300 ##$$a VI, 64 hlm, Ilus, 22 cm =650 ##$$a Pendidikan Dasar-Bahasa Indonesia =850 ##$$a NBPNMAT